[Event "Rilton Cup 51st"]
[Site "Stockholm"]
[Date "2023.12.30"]
[Round "4"]
[White "Suliborski, Jakub"]
[Black "Wegener, Olaf"]
[Result "0-1"]
[WhiteElo "2243"]
[BlackElo "2413"]
[PlyCount "96"]
[EventDate "2023.12.27"]
[EventType "swiss"]
[EventRounds "9"]
[EventCountry "SWE"]
[SourceTitle "CB02_2024"]
[SourceDate "2024.01.10"]
[SourceVersion "1"]
[SourceVersionDate "2024.01.10"]
[SourceQuality "1"]

1. e4 c5 2. Nf3 d6 3. d4 cxd4 4. Nxd4 Nf6 5. Nc3 a6 6. h3 e6 7. g4 h6 8. Bg2 Be7 9. h4 Nc6 10. g5 hxg5 11. hxg5 Rxh1+ 12. Bxh1 Nh7 13. Nxc6 bxc6 14. g6 fxg6 15. Qd3 Nf8 16. Bd2 Qb6 17. b3 e5 18. Qg3 Be6 19. 0-0-0 Rb8 20. f4 Bf6 21. Na4 Qb5 22. f5 gxf5 23. exf5 Bxf5 24. Qf2 Bg6 25. Nc3 Qb7 26. Be4 d5 27. Bxg6+ Nxg6 28. Na4 Nf8 29. Re1 Qe7 30. Qe2 Rb5 31. Nc3 Qa3+ 32. Kd1 Rb7 33. Bg5 Ne6 34. Qh5+ Rf7 35. Bxf6 gxf6 36. Rg1 Ke7 37. Rg8 Qb4 38. Ra8 Qb7 39. Rg8 Qa7 40. Ne2 Nf4 41. Nxf4 exf4 42. Qe2+ Kd6 43. Qd2 Rg7 44. Qxf4+ Ke6 45. Re8+ Kf7 46. Rc8 Qg1+ 47. Kd2 Rg2+ 48. Kd3 Rg3+ 0-1

[Event "Rilton Cup 51st"]
[Site "Stockholm"]
[Date "2023.12.29"]
[Round "3"]
[White "Wegener, Olaf"]
[Black "Jarocka, Liwia"]
[Result "1-0"]
[WhiteElo "2413"]
[BlackElo "2169"]
[PlyCount "97"]
[EventDate "2023.12.27"]
[EventType "swiss"]
[EventRounds "9"]
[EventCountry "SWE"]
[SourceTitle "CB02_2024"]
[SourceDate "2024.01.10"]
[SourceVersion "1"]
[SourceVersionDate "2024.01.10"]
[SourceQuality "1"]

1. e4 c5 2. Nf3 Nc6 3. d4 cxd4 4. Nxd4 Nf6 5. Nc3 e5 6. Ndb5 d6 7. Bg5 a6 8. Na3 b5 9. Nd5 Be7 10. Bxf6 Bxf6 11. c4 b4 12. Nc2 a5 13. Qf3 Be7 14. Rd1 0-0 15. c5 dxc5 16. Nf6+ Bxf6 17. Rxd8 Rxd8 18. Bc4 Nd4 19. Nxd4 Rxd4 20. Bd5 Ra7 21. 0-0 Ba6 22. Rc1 c4 23. Qe3 Bd8 24. g3 Re7 25. Kg2 Kh8 26. Qe2 f5 27. Bxc4 Rc7 28. b3 Bb7 29. Kg1 fxe4 30. Qh5 Re7 31. Qf5 Re8 32. Bb5 Rg8 33. Bc4 Bd5 34. Bxd5 Rxd5 35. Qxe4 Rd2 36. Rc2 Rxc2 37. Qxc2 Bb6 38. Kg2 Rf8 39. f3 h6 40. Qc6 Bd4 41. h4 Rd8 42. Qb5 Ra8 43. f4 Rc8 44. fxe5 Rc2+ 45. Kh3 Rc3 46. Qxa5 Bf2 47. Qxb4 Rxg3+ 48. Kh2 Rf3 49. e6 1-0

[Event "BL2-West 1718"]
[Site "Germany"]
[Date "2018.03.18"]
[Round "8.4"]
[White "Wegener, Olaf"]
[Black "Lenaerts, Lennert"]
[Result "0-1"]
[WhiteElo "2431"]
[BlackElo "2302"]
[PlyCount "72"]
[EventDate "2017.10.08"]
[EventType "team-tourn"]
[EventRounds "9"]
[EventCountry "GER"]
[SourceTitle "CBM 183 Extra"]
[Source "ChessBase"]
[SourceDate "2018.04.19"]
[SourceVersion "1"]
[SourceVersionDate "2018.04.19"]
[SourceQuality "1"]
[WhiteTeam "Dortmund Hansa"]
[BlackTeam "Aachen DJK"]
[WhiteTeamCountry "GER"]
[BlackTeamCountry "GER"]

1. e4 e5 2. Nf3 Nc6 3. Bb5 g6 4. c3 d6 5. d4 Bd7 6. 0-0 Bg7 7. Re1 Nf6 8. Nbd2 0-0 9. Nf1 Nxd4 10. Nxd4 exd4 11. Bxd7 Qxd7 12. cxd4 c6 13. Ng3 d5 14. e5 Ne8 15. f4 f5 16. b4 Nc7 17. Bd2 Ne6 18. Ne2 Rfc8 19. Qb3 Bf8 20. a4 b6 21. Red1 Rab8 22. Be1 a5 23. bxa5 bxa5 24. Qa2 Bb4 25. Bf2 Rb6 26. Rac1 Qb7 27. Rc2 Rb8 28. Rdc1 Kf7 29. Be3 Be7 30. Kf2 Nd8 31. Bd2 Bb4 32. Be3 Be7 33. Bd2 Qa6 34. Be3 Rb3 35. Rd2 Ra3 36. Qc2 Rbb3 0-1

[Event "BL2-West 1617"]
[Site "Germany"]
[Date "2017.05.08"]
[Round "9.3"]
[White "Wegener, Olaf"]
[Black "De Gleria, Francesco"]
[Result "1/2-1/2"]
[WhiteElo "2431"]
[BlackElo "2381"]
[PlyCount "51"]
[EventDate "2016.10.16"]
[EventType "team-tourn"]
[EventRounds "9"]
[EventCountry "GER"]
[SourceTitle "EXT 2018"]
[Source "ChessBase"]
[SourceDate "2017.10.13"]
[SourceVersion "1"]
[SourceVersionDate "2017.10.13"]
[SourceQuality "1"]
[WhiteTeam "Dortmund Hansa"]
[BlackTeam "Duesseldorf"]
[WhiteTeamCountry "GER"]
[BlackTeamCountry "GER"]

1. e4 c5 2. Nf3 d6 3. d4 cxd4 4. Nxd4 Nf6 5. Nc3 a6 6. h3 Nc6 7. g4 Nxd4 8. Qxd4 e5 9. Qd3 Be6 10. Bg2 Be7 11. Be3 Rc8 12. Qd2 0-0 13. Bf3 Nd7 14. Be2 Qc7 15. 0-0 Nb6 16. Rac1 Nc4 17. Bxc4 Qxc4 18. Rfd1 Rfe8 19. f3 h6 20. a3 b5 21. Qd3 Red8 22. Rd2 Bg5 23. Bxg5 hxg5 24. Nd5 Qxd3 25. Rxd3 Kf8 26. c3 1/2-1/2

[Event "Bundesliga 1516"]
[Site "Germany"]
[Date "2016.03.13"]
[Round "11.2"]
[White "Wegener, Olaf"]
[Black "Jaracz, Pawel"]
[Result "1/2-1/2"]
[WhiteElo "2444"]
[BlackElo "2503"]
[PlyCount "40"]
[EventDate "2015.09.18"]
[EventType "team-tourn"]
[EventRounds "15"]
[EventCountry "GER"]
[SourceTitle "CBM 172"]
[Source "ChessBase"]
[SourceDate "2016.05.12"]
[SourceVersion "1"]
[SourceVersionDate "2016.05.12"]
[SourceQuality "1"]
[WhiteTeam "Dortmund Hansa"]
[BlackTeam "Trier"]
[WhiteTeamCountry "GER"]
[BlackTeamCountry "GER"]

1. e4 c5 2. Nf3 e6 3. d4 cxd4 4. Nxd4 Nc6 5. Nc3 a6 6. Nxc6 bxc6 7. Bd3 Qc7 8. 0-0 Nf6 9. Qe2 d5 10. Bg5 Be7 11. e5 Nd7 12. Bxe7 Kxe7 13. Rae1 g6 14. Qe3 h6 15. Na4 c5 16. c4 d4 17. Qf4 Bb7 18. b3 Bc6 19. Nb2 a5 20. Bc2 a4 1/2-1/2

[Event "AUT-chT2W 1516"]
[Site "Austria"]
[Date "2016.03.05"]
[Round "10.4"]
[White "Wegener, Olaf"]
[Black "Baldauf, Marco"]
[Result "1-0"]
[WhiteElo "2438"]
[BlackElo "2420"]
[PlyCount "79"]
[EventDate "2015.10.16"]
[EventType "team-tourn"]
[EventRounds "11"]
[EventCountry "AUT"]
[SourceTitle "EXT 2017"]
[Source "ChessBase"]
[SourceDate "2016.10.25"]
[SourceVersion "1"]
[SourceVersionDate "2016.10.25"]
[SourceQuality "1"]
[WhiteTeam "Rochade Rum"]
[BlackTeam "Hohenems II"]
[WhiteTeamCountry "AUT"]
[BlackTeamCountry "AUT"]

1. e4 c5 2. Nf3 d6 3. d4 cxd4 4. Nxd4 Nf6 5. Nc3 g6 6. Be3 Bg7 7. f3 0-0 8. Qd2 Nc6 9. g4 Be6 10. Nxe6 fxe6 11. 0-0-0 Ne5 12. Be2 Qc8 13. h4 Nfd7 14. f4 Nc4 15. Bxc4 Qxc4 16. e5 Rad8 17. exd6 Nf6 18. Qd4 Qxd4 19. Bxd4 exd6 20. Rhg1 a6 21. f5 gxf5 22. gxf5 e5 23. Be3 Kf7 24. Bg5 h6 25. Bxf6 Bxf6 26. Rg6 Bxh4 27. Ne4 Bg5+ 28. Kb1 Ke7 29. Re6+ Kd7 30. c4 Kc7 31. f6 Be3 32. Nc3 Bd4 33. Nd5+ Kb8 34. Rh1 e4 35. Rxh6 e3 36. Kc2 Rf7 37. b3 Rg8 38. Kd3 Bc5 39. Re7 Rgf8 40. b4 1-0

[Event "AUT-chT2W 1516"]
[Site "Austria"]
[Date "2016.03.04"]
[Round "9.3"]
[White "Wegener, Olaf"]
[Black "Stajner, Samo"]
[Result "0-1"]
[WhiteElo "2438"]
[BlackElo "2351"]
[PlyCount "110"]
[EventDate "2015.10.16"]
[EventType "team-tourn"]
[EventRounds "11"]
[EventCountry "AUT"]
[SourceTitle "EXT 2017"]
[Source "ChessBase"]
[SourceDate "2016.10.25"]
[SourceVersion "1"]
[SourceVersionDate "2016.10.25"]
[SourceQuality "1"]
[WhiteTeam "Rochade Rum"]
[BlackTeam "Schwarzach"]
[WhiteTeamCountry "AUT"]
[BlackTeamCountry "AUT"]

1. e4 g6 2. d4 Bg7 3. Nc3 d6 4. Be3 a6 5. f4 b5 6. Bd3 Nd7 7. Nf3 Bb7 8. e5 e6 9. a4 b4 10. Ne4 Bxe4 11. Bxe4 d5 12. Bd3 a5 13. c3 bxc3 14. bxc3 Ne7 15. 0-0 Rb8 16. Nd2 Nf5 17. Bf2 h5 18. g3 Bf8 19. Rb1 c5 20. c4 dxc4 21. Bxf5 gxf5 22. Nxc4 h4 23. Qf3 hxg3 24. hxg3 cxd4 25. Nd6+ Bxd6 26. exd6 d3 27. Bd4 f6 28. Rb7 d2 29. Rd1 Qc8 30. Rc7 Qa6 31. Rc6 Qb7 32. Rxd2 Kf7 33. Rb2 Qa8 34. Rxb8 Qxb8 35. Kg2 Qb1 36. Bg1 Qa2+ 37. Bf2 Qxa4 38. Rc7 Kg6 39. Qd3 Rh7 40. Ra7 Qc6+ 41. Kf1 Rh1+ 42. Ke2 Ra1 43. Rc7 Ra2+ 44. Ke3 Qg2 45. Rc2 Nc5 46. Qc3 Qe4+ 47. Kd2 Qd5+ 48. Ke1 Rxc2 49. Qxc2 Nd3+ 50. Ke2 Nb4 51. Qd2 Qc4+ 52. Kd1 Qf1+ 53. Be1 Qf3+ 54. Kc1 Qb3 55. Qe2 Na2+ 0-1

[Event "Bundesliga 1516"]
[Site "Germany"]
[Date "2016.02.21"]
[Round "9.2"]
[White "Maiwald, Jens Uwe"]
[Black "Wegener, Olaf"]
[Result "1/2-1/2"]
[WhiteElo "2452"]
[BlackElo "2444"]
[PlyCount "77"]
[EventDate "2015.09.18"]
[EventType "team-tourn"]
[EventRounds "15"]
[EventCountry "GER"]
[SourceTitle "CBM 171"]
[Source "ChessBase"]
[SourceDate "2016.03.14"]
[SourceVersion "2"]
[SourceVersionDate "2016.03.14"]
[SourceQuality "1"]
[WhiteTeam "Dresden TU"]
[BlackTeam "Dortmund Hansa"]
[WhiteTeamCountry "GER"]
[BlackTeamCountry "GER"]

1. Nf3 Nf6 2. g3 d5 3. Bg2 c6 4. 0-0 Bg4 5. d3 Nbd7 6. Nbd2 e5 7. e4 dxe4 8. dxe4 Bc5 9. h3 Bh5 10. Qe1 0-0 11. Nc4 Qc7 12. Nh4 b5 13. Ne3 Rfd8 14. Nef5 Ne8 15. Bd2 Bf8 16. f4 f6 17. b3 b4 18. Kh1 a5 19. g4 Bf7 20. g5 fxg5 21. fxg5 Nc5 22. Be3 Ne6 23. Qg3 Nf4 24. Bxf4 exf4 25. Rxf4 Nd6 26. Rff1 Rd7 27. Rae1 Re8 28. Qg4 Re5 29. g6 hxg6 30. Nxg6 Bxg6 31. Qxg6 Nxf5 32. exf5 Rd6 33. Qg3 Rxe1 34. Rxe1 Qd7 35. Bf1 Qxf5 36. Bc4+ Kh8 37. Bd3 Qd5+ 38. Be4 Qh5 39. Qf3 1/2-1/2

[Event "Bundesliga 1516"]
[Site "Germany"]
[Date "2016.02.07"]
[Round "6.5"]
[White "Braeuer, Franz"]
[Black "Wegener, Olaf"]
[Result "0-1"]
[WhiteElo "2413"]
[BlackElo "2444"]
[PlyCount "80"]
[EventDate "2015.09.18"]
[EventType "team-tourn"]
[EventRounds "15"]
[EventCountry "GER"]
[SourceTitle "CBM 171"]
[Source "ChessBase"]
[SourceDate "2016.03.14"]
[SourceVersion "2"]
[SourceVersionDate "2016.03.14"]
[SourceQuality "1"]
[WhiteTeam "Erfurt"]
[BlackTeam "Dortmund Hansa"]
[WhiteTeamCountry "GER"]
[BlackTeamCountry "GER"]

1. e4 c5 2. Nf3 d6 3. d4 cxd4 4. Nxd4 Nf6 5. Nc3 a6 6. Qd3 e6 7. Be2 b5 8. b4 d5 9. exd5 Bxb4 10. 0-0 exd5 11. Ncxb5 0-0 12. Rb1 Ba5 13. Nc3 Qc7 14. Bd2 Rd8 15. Nb3 Bb4 16. Bf3 Be6 17. Nb5 axb5 18. Bxb4 Rxa2 19. Nd4 Na6 20. Rfe1 Nxb4 21. Rxb4 Bd7 22. Qb3 Qc5 23. Rb1 Rda8 24. Nxb5 Rxc2 25. h3 Qxf2+ 26. Kh2 Qc5 27. Nd4 Qc7+ 28. Kh1 Rc1+ 29. Rxc1 Qxc1+ 30. Kh2 Qf4+ 31. g3 Qd2+ 32. Ne2 Re8 33. Rb8 h5 34. Rxe8+ Bxe8 35. Qb6 Qd3 36. Kg2 Bd7 37. Nf4 Qc2+ 38. Qf2 Qf5 39. Qc5 h4 40. Nxd5 Qxh3+ 0-1

[Event "NRW Class2 1516"]
[Site "Germany"]
[Date "2016.01.10"]
[Round "5.1"]
[White "Wegener, Olaf"]
[Black "Lupor, Stefan"]
[Result "0-1"]
[WhiteElo "2429"]
[BlackElo "2234"]
[PlyCount "56"]
[EventDate "2015.09.27"]
[EventType "team-tourn"]
[EventRounds "9"]
[EventCountry "GER"]
[SourceTitle "EXT 2017"]
[Source "ChessBase"]
[SourceDate "2016.10.25"]
[SourceVersion "1"]
[SourceVersionDate "2016.10.25"]
[SourceQuality "1"]
[WhiteTeam "Dortmund Hansa II"]
[BlackTeam "Ennepe Ruhr Sued"]
[WhiteTeamCountry "GER"]
[BlackTeamCountry "GER"]

1. e4 e5 2. Nf3 Nc6 3. Bb5 a6 4. Ba4 Nf6 5. 0-0 Nxe4 6. d4 b5 7. Bb3 d5 8. dxe5 Be6 9. Nbd2 Nc5 10. c3 Be7 11. Bc2 d4 12. Nb3 d3 13. Bb1 Nxb3 14. axb3 Bf5 15. b4 0-0 16. Re1 Qd7 17. Bg5 Bxg5 18. Nxg5 h6 19. Nf3 Rfd8 20. Re3 a5 21. bxa5 Rxa5 22. Rxa5 Nxa5 23. Nd4 Bh7 24. b3 b4 25. cxb4 Qxd4 26. bxa5 Qa1 27. b4 Bg6 28. Kf1 d2 0-1

[Event "Bundesliga 1516"]
[Site "Germany"]
[Date "2015.12.13"]
[Round "4.4"]
[White "Wegener, Olaf"]
[Black "Ribli, Zoltan"]
[Result "1-0"]
[WhiteElo "2444"]
[BlackElo "2559"]
[PlyCount "139"]
[EventDate "2015.09.18"]
[EventType "team-tourn"]
[EventRounds "15"]
[EventCountry "GER"]
[SourceTitle "CBM 170"]
[Source "ChessBase"]
[SourceDate "2016.01.15"]
[SourceVersion "1"]
[SourceVersionDate "2016.01.15"]
[SourceQuality "1"]
[WhiteTeam "Dortmund Hansa"]
[BlackTeam "Hockenheim"]
[WhiteTeamCountry "GER"]
[BlackTeamCountry "GER"]

1. e4 c5 2. Nf3 e6 3. d4 cxd4 4. Nxd4 Nc6 5. Nc3 Qc7 6. Be3 a6 7. Qd2 Nf6 8. 0-0-0 Bb4 9. f3 Ne5 10. Qe1 Bxc3 11. Qxc3 Qxc3 12. bxc3 d5 13. Bd3 dxe4 14. fxe4 Ng6 15. Kd2 b5 16. Bg5 Nd7 17. Nb3 0-0 18. Na5 f5 19. exf5 exf5 20. Be3 Nde5 21. Bd4 Be6 22. Rhe1 Nxd3 23. cxd3 Bxa2 24. c4 bxc4 25. dxc4 Rac8 26. Kc3 Nf4 27. Be5 Ng6 28. Ra1 Rfe8 29. Bg3 f4 30. Bf2 Rxe1 31. Bxe1 Bxc4 32. Nxc4 Ne5 33. Ra4 Kf7 34. Kd4 Nxc4 35. Rxc4 Re8 36. Rc7+ Kg8 37. Bd2 Re2 38. Bxf4 Rxg2 39. Ra7 Rg6 40. Kd5 h6 41. Bd6 Rg5+ 42. Ke6 a5 43. Be5 Rg6+ 44. Kd5 Kh7 45. Rxa5 Rg2 46. Ra7 Rg6 47. Ke4 Rg4+ 48. Kf5 Rg5+ 49. Ke6 Kg8 50. Rc7 Rg6+ 51. Kd5 Kh7 52. Rc3 Ra6 53. Ke4 Rb6 54. Kf5 Ra6 55. Rd3 Rb6 56. Bd6 Rc6 57. Ke6 Kg8 58. Ke7 Rb6 59. Be5 Ra6 60. Rd8+ Kh7 61. Kf8 Ra7 62. Re8 Kg6 63. Kg8 Ra2 64. Bb8 Rb2 65. Bc7 Ra2 66. Rd8 Ra7 67. Be5 Ra2 68. Bb8 Rb2 69. Bc7 Rb7 70. Rd7 1-0

[Event "NRW Class2 1516"]
[Site "Germany"]
[Date "2015.10.25"]
[Round "2.2"]
[White "Wegener, Olaf"]
[Black "Waldschmidt, Georg"]
[Result "1-0"]
[WhiteElo "2429"]
[BlackElo "2227"]
[PlyCount "61"]
[EventDate "2015.09.27"]
[EventType "team-tourn"]
[EventRounds "9"]
[EventCountry "GER"]
[SourceTitle "EXT 2017"]
[Source "ChessBase"]
[SourceDate "2016.10.25"]
[SourceVersion "1"]
[SourceVersionDate "2016.10.25"]
[SourceQuality "1"]
[WhiteTeam "Dortmund Hansa II"]
[BlackTeam "Sodingen"]
[WhiteTeamCountry "GER"]
[BlackTeamCountry "GER"]

1. e4 c5 2. Nf3 d6 3. d4 cxd4 4. Nxd4 Nf6 5. Nc3 g6 6. Be3 Bg7 7. f3 0-0 8. Qd2 Nc6 9. g4 Be6 10. Nxe6 fxe6 11. 0-0-0 Ne5 12. Be2 Qc8 13. h4 b5 14. h5 b4 15. Na4 Qc6 16. b3 Rfc8 17. hxg6 hxg6 18. Kb1 d5 19. g5 Nh5 20. f4 Nc4 21. Bxc4 dxc4 22. e5 Ng3 23. Rhe1 cxb3 24. axb3 Ne4 25. Qd3 Rab8 26. Bxa7 Rd8 27. Qxd8+ Rxd8 28. Rxd8+ Kf7 29. Be3 Qa6 30. Bc1 Qb5 31. Rxe4 1-0

[Event "Bundesliga 1415"]
[Site "Germany"]
[Date "2015.03.15"]
[Round "13.8"]
[White "Richter, Christian"]
[Black "Wegener, Olaf"]
[Result "0-1"]
[WhiteElo "2369"]
[BlackElo "2441"]
[PlyCount "88"]
[EventDate "2014.10.18"]
[EventType "team-tourn"]
[EventRounds "15"]
[EventCountry "GER"]
[SourceTitle "CBM 166"]
[Source "ChessBase"]
[SourceDate "2015.05.11"]
[SourceVersion "1"]
[SourceVersionDate "2015.05.11"]
[SourceQuality "1"]
[WhiteTeam "Emsdetten Turm"]
[BlackTeam "Dortmund Hansa"]
[WhiteTeamCountry "GER"]
[BlackTeamCountry "GER"]

1. d4 Nf6 2. Nf3 e6 3. c4 b6 4. g3 Ba6 5. Qa4 Bb7 6. Bg2 c5 7. 0-0 cxd4 8. Nxd4 Bxg2 9. Kxg2 Qc8 10. Nc3 Be7 11. Rd1 0-0 12. Bg5 h6 13. Bxf6 Bxf6 14. Ne4 Be7 15. f3 Rd8 16. Rd2 a6 17. Rad1 Qb7 18. Nc2 b5 19. Qb3 Nc6 20. cxb5 axb5 21. Nd6 Bxd6 22. Rxd6 Na5 23. Qb4 Nc4 24. R6d4 d5 25. Qb3 e5 26. R4d3 d4 27. e3 Rdc8 28. Nb4 Nxe3+ 29. Rxe3 dxe3 30. Qxe3 Rd8 31. Re1 f6 32. a3 Rd6 33. Re2 Rad8 34. g4 Rd4 35. Kg3 R8d6 36. Rc2 Qd7 37. Qb3+ Kh7 38. Qe3 Kh8 39. h4 Kh7 40. Rc5 Kh8 41. h5 Rc4 42. Rxc4 bxc4 43. Qc5 f5 44. gxf5 Qe7 0-1

[Event "AUT-chT2W 1415"]
[Site "Austria"]
[Date "2015.03.08"]
[Round "11.3"]
[White "Perunovic, Milos"]
[Black "Wegener, Olaf"]
[Result "1-0"]
[WhiteElo "2620"]
[BlackElo "2441"]
[PlyCount "105"]
[EventDate "2014.10.10"]
[EventType "team-tourn"]
[EventRounds "11"]
[EventCountry "AUT"]
[SourceTitle "EXT 2016"]
[Source "ChessBase"]
[SourceDate "2015.10.08"]
[SourceVersion "1"]
[SourceVersionDate "2015.10.08"]
[SourceQuality "1"]
[WhiteTeam "Dornbirn"]
[BlackTeam "Rum Rochade"]
[WhiteTeamCountry "AUT"]
[BlackTeamCountry "AUT"]

1. e4 c5 2. Nc3 d6 3. f4 g6 4. Nf3 Bg7 5. Bb5+ Bd7 6. Bc4 Nc6 7. d3 Na5 8. Bd2 Nxc4 9. dxc4 e6 10. Qe2 Ne7 11. 0-0-0 a6 12. e5 d5 13. Be1 Bc6 14. Ne4 0-0 15. h4 Qc7 16. Nf6+ Bxf6 17. exf6 Nf5 18. Ne5 Qd8 19. g4 Nd4 20. Qe3 Qxf6 21. c3 Qxf4 22. Qxf4 Ne2+ 23. Kc2 Nxf4 24. Bg3 g5 25. hxg5 Ng6 26. Rh2 Nxe5 27. Bxe5 dxc4 28. Bf6 Be4+ 29. Kd2 Bd3 30. Ke3 Rfc8 31. b3 b5 32. bxc4 bxc4 33. Rb2 Rab8 34. Rdd2 Rb5 35. a4 Rbb8 36. Be5 Ra8 37. Rb7 Kf8 38. Rdb2 Kg8 39. a5 Bg6 40. Bf6 Bd3 41. R2b6 Bc2 42. Rd6 Kf8 43. Kf4 e5+ 44. Bxe5 Re8 45. Rbb6 Ra7 46. Rxa6 Rae7 47. Rd5 Kg8 48. Rad6 Ba4 49. a6 Bc2 50. Rd8 Ba4 51. Rxe8+ Rxe8 52. Rxc5 Ra8 53. a7 1-0

[Event "AUT-chT2W 1415"]
[Site "Austria"]
[Date "2015.01.24"]
[Round "7.3"]
[White "Graf, Felix"]
[Black "Wegener, Olaf"]
[Result "1-0"]
[WhiteElo "2488"]
[BlackElo "2441"]
[PlyCount "97"]
[EventDate "2014.10.10"]
[EventType "team-tourn"]
[EventRounds "11"]
[EventCountry "AUT"]
[SourceTitle "EXT 2016"]
[Source "ChessBase"]
[SourceDate "2015.10.08"]
[SourceVersion "1"]
[SourceVersionDate "2015.10.08"]
[SourceQuality "1"]
[WhiteTeam "Bregenz"]
[BlackTeam "Rum Rochade"]
[WhiteTeamCountry "AUT"]
[BlackTeamCountry "AUT"]

1. d4 Nf6 2. c4 e6 3. Nf3 b6 4. a3 Bb7 5. Nc3 d5 6. Qa4+ Qd7 7. Qxd7+ Kxd7 8. Ne5+ Ke8 9. Nb5 Na6 10. cxd5 Nxd5 11. e4 Nf6 12. f3 c6 13. Nc3 Rc8 14. Be2 Nd7 15. Nc4 f6 16. Bf4 Kf7 17. Rd1 Nc7 18. 0-0 Be7 19. Bg3 Rhd8 20. f4 f5 21. Bh4 Bxh4 22. Nd6+ Kg6 23. Nxb7 Rf8 24. Nd6 Rcd8 25. exf5+ exf5 26. Bd3 h5 27. h3 Nb8 28. Nxf5 Bf6 29. g4 hxg4 30. hxg4 Kf7 31. g5 g6 32. Bc4+ Ke8 33. Rfe1+ Kd7 34. Nh4 Bg7 35. Nxg6 Rfe8 36. Ne5+ Kc8 37. f5 b5 38. Bf7 Rh8 39. f6 Bf8 40. Kg2 Kb7 41. Rh1 Rxh1 42. Rxh1 Rxd4 43. g6 Rd2+ 44. Kf3 Nd7 45. Nxd7 Rxd7 46. Rh8 Rxf7 47. gxf7 Ne6 48. Ne4 Kc7 49. Kg4 1-0

[Event "AUT-chT2W 1415"]
[Site "Austria"]
[Date "2014.10.11"]
[Round "2.1"]
[White "Berchtenbreiter, Maximilian"]
[Black "Wegener, Olaf"]
[Result "0-1"]
[WhiteElo "2396"]
[BlackElo "2441"]
[PlyCount "108"]
[EventDate "2014.10.10"]
[EventType "team-tourn"]
[EventRounds "11"]
[EventCountry "AUT"]
[SourceTitle "EXT 2015"]
[Source "ChessBase"]
[SourceDate "2014.11.20"]
[SourceVersion "1"]
[SourceVersionDate "2014.11.20"]
[SourceQuality "1"]
[WhiteTeam "Innsbruck"]
[BlackTeam "Rum Rochade"]
[WhiteTeamCountry "AUT"]
[BlackTeamCountry "AUT"]

1. e4 c5 2. Nf3 d6 3. d4 cxd4 4. Nxd4 Nf6 5. Nc3 a6 6. Be3 e5 7. Nb3 Be6 8. Qd2 Nbd7 9. 0-0-0 Be7 10. f4 b5 11. Kb1 0-0 12. f5 Bc4 13. g4 Nxg4 14. Rg1 Nxe3 15. Qxe3 Bxf1 16. Rdxf1 Kh8 17. Nd5 Nf6 18. Nd2 Rc8 19. Rg2 Rc5 20. Nxf6 Bxf6 21. Rfg1 Qc8 22. Nf1 d5 23. Ng3 dxe4 24. a4 bxa4 25. Nxe4 Rc6 26. Nxf6 Rxf6 27. Rxg7 Qxf5 28. R7g5 Qf4 29. Qa3 Rb8 30. R5g4 Qf5 31. Rg5 Qf4 32. R5g4 Qf5 33. Rg5 Qe6 34. h4 Rg6 35. Rxg6 hxg6 36. h5 Kg7 37. hxg6 fxg6 38. Qxa4 Rxb2+ 39. Kxb2 Qb6+ 40. Qb3 Qxg1 41. Qb7+ Kh6 42. Qxa6 Qd4+ 43. Kb3 e4 44. Qe2 e3 45. c3 Qe4 46. c4 g5 47. Kc3 g4 48. Qe1 Kg5 49. c5 Kf4 50. Qh4 Qe5+ 51. Kc4 e2 52. Qe1 g3 53. c6 Kf3 54. Kd3 Qd5+ 0-1

[Event "BL2-West 1314"]
[Site "Germany"]
[Date "2014.03.16"]
[Round "8.8"]
[White "Wegener, Olaf"]
[Black "Braun, Christian"]
[Result "1/2-1/2"]
[WhiteElo "2428"]
[BlackElo "2367"]
[PlyCount "62"]
[EventDate "2013.10.13"]
[EventType "team-tourn"]
[EventRounds "9"]
[EventCountry "GER"]
[SourceTitle "EXT 2015"]
[Source "ChessBase"]
[SourceDate "2014.11.20"]
[SourceVersion "1"]
[SourceVersionDate "2014.11.20"]
[SourceQuality "1"]
[WhiteTeam "Dortmund Hansa"]
[BlackTeam "Aachen Aufwaerts"]
[WhiteTeamCountry "GER"]
[BlackTeamCountry "GER"]

1. e4 e6 2. d4 d5 3. Nd2 Nc6 4. Ngf3 Nf6 5. e5 Nd7 6. Be2 f6 7. exf6 Qxf6 8. Nf1 Bd6 9. Ne3 0-0 10. 0-0 Qg6 11. c4 Nf6 12. c5 Be7 13. Bb5 Bd7 14. Bxc6 Bxc6 15. Ne5 Qe8 16. N3g4 b6 17. Nxc6 Qxc6 18. Ne5 Qe8 19. c6 Bd6 20. Be3 Qh5 21. Qxh5 Nxh5 22. g3 Nf6 23. f3 Kh8 24. Nd3 Ng8 25. Bf4 Bxf4 26. Nxf4 Rxf4 27. gxf4 Nh6 28. Rfe1 Re8 29. b4 Nf5 30. Rad1 a6 31. a4 Kg8 1/2-1/2

[Event "AUT-chT2W 1314"]
[Site "Austria"]
[Date "2013.12.01"]
[Round "5.1"]
[White "Wegener, Olaf"]
[Black "Roth, Peter"]
[Result "1-0"]
[WhiteElo "2434"]
[BlackElo "2174"]
[PlyCount "89"]
[EventDate "2013.10.18"]
[EventType "team-tourn"]
[EventRounds "11"]
[EventCountry "AUT"]
[SourceTitle "CBM 157 Extra"]
[Source "ChessBase"]
[SourceDate "2013.12.19"]
[SourceVersion "1"]
[SourceVersionDate "2013.12.19"]
[SourceQuality "1"]
[WhiteTeam "Rum Rochade"]
[BlackTeam "ASK"]
[WhiteTeamCountry "AUT"]
[BlackTeamCountry "AUT"]

1. e4 c5 2. Nf3 e6 3. d4 cxd4 4. Nxd4 Bc5 5. Nb3 Bb6 6. c4 Ne7 7. Nc3 0-0 8. g3 f5 9. Bg2 a6 10. 0-0 Nbc6 11. Bf4 Bc7 12. Bxc7 Qxc7 13. Nd5 Qd8 14. Nxe7+ Qxe7 15. exf5 Rxf5 16. Qd2 Rf7 17. c5 a5 18. Rac1 Qf6 19. a4 Rb8 20. Qd6 Ra8 21. Qd2 Rb8 22. Qd6 Ra8 23. Rc3 Qe7 24. Qd2 Qf8 25. Nd4 Nxd4 26. Qxd4 h6 27. Rb3 Rf5 28. Rb5 Ra6 29. Be4 Rf7 30. Rd1 Ra7 31. Rb6 Kh8 32. Rd2 Qe7 33. Qe5 Rf8 34. Kg2 Qf6 35. Qd6 Ra6 36. Rxa6 bxa6 37. f4 Re8 38. Qe5 Kg8 39. Rd6 Kf8 40. c6 Qxe5 41. fxe5 Ke7 42. c7 Kf8 43. h4 g5 44. hxg5 hxg5 45. Rb6 1-0

[Event "AUT-chT2W 1314"]
[Site "Austria"]
[Date "2013.11.30"]
[Round "4.1"]
[White "Zelcic, Robert"]
[Black "Wegener, Olaf"]
[Result "1/2-1/2"]
[WhiteElo "2531"]
[BlackElo "2434"]
[PlyCount "83"]
[EventDate "2013.10.18"]
[EventType "team-tourn"]
[EventRounds "11"]
[EventCountry "AUT"]
[SourceTitle "CBM 157 Extra"]
[Source "ChessBase"]
[SourceDate "2013.12.19"]
[SourceVersion "1"]
[SourceVersionDate "2013.12.19"]
[SourceQuality "1"]
[WhiteTeam "Schwarzach"]
[BlackTeam "Rum Rochade"]
[WhiteTeamCountry "AUT"]
[BlackTeamCountry "AUT"]

1. e4 c5 2. Nf3 d6 3. d4 cxd4 4. Qxd4 a6 5. Be3 Nc6 6. Qd2 Nf6 7. Nc3 e6 8. 0-0-0 Qc7 9. Bf4 Ng4 10. Kb1 Bd7 11. Bg3 Be7 12. Nd4 0-0 13. Be2 Nf6 14. Nb3 e5 15. Nd5 Nxd5 16. exd5 Na7 17. Bxe5 dxe5 18. d6 Bxd6 19. Qxd6 Qxd6 20. Rxd6 Bc6 21. f3 Rfd8 22. Rdd1 Rxd1+ 23. Rxd1 Kf8 24. Na5 Ke7 25. Bc4 f6 26. c3 Rd8 27. Nxc6+ Nxc6 28. Bd5 f5 29. b4 Kf6 30. Kc1 Rd7 31. Bxc6 Rxd1+ 32. Kxd1 bxc6 33. Kd2 Ke6 34. Kd3 Kd5 35. c4+ Kd6 36. a4 c5 37. b5 a5 38. g4 g6 39. gxf5 gxf5 40. Ke3 h6 41. Kf2 Ke6 42. Ke1 1/2-1/2